| 000 | 01458nam a2200361Ia 4500 | ||
|---|---|---|---|
| 005 | 20220317000038.0 | ||
| 008 | 00003022011 ck g spa spa | ||
| 020 | _a9789587582437 | ||
| 041 | _aspa | ||
| 245 | 0 |
_aCuentos clásicos juveniles _bantología |
|
| 250 | _a2a. edición | ||
| 300 |
_a93 páginas _c23 cm |
||
| 490 | _aAlfaguara juvenil | ||
| 500 | _aIncluye nota biográfica de los autores | ||
| 505 | _aEl empresario de pompas fúnebres / Alexander Pushkin Un árbol de Noel y una boda / Fedor Dostoievski El poder de la infancia / Leon Tolstoi La ficha de la muerte / Mark Twain La nodriza / J.M. Eca de Queiroz El papá de Simón / Guy de Maupassant El amigo fiel / Oscar Wilde | ||
| 650 | 1 | 4 |
_2LEMB _aCuentos juveniles |
| 650 | 1 | 4 |
_2LEMB _aLiteratura Juvenil |
| 650 | 1 | 4 |
_2LEMB _aLiteratura Universal |
| 650 | 1 | 4 |
_2LEMB _aCuentos clásicos _vColecciones |
| 700 | 1 |
_aWilde, Oscar _d1854-1900 _990464 |
|
| 700 | 1 |
_aMaupassant, Guy de _d1850-1893 _990465 |
|
| 700 | 1 |
_aTolstoi, León Nikolayevich _d1828-1910 _94343 |
|
| 700 | 1 |
_aTwain, Mark _d1835-1910 _990466 |
|
| 700 | 1 |
_aWilde, Oscar _990467 |
|
| 700 | 1 |
_aDostoievski, Fiódor Mijailovich _d1821-1881 _94060 |
|
| 942 |
_2loc _cBK |
||
| 264 |
_aBogotá _bAlfaguara _c2011 |
||
| 336 |
_atexto _btxt _2rdacontent |
||
| 337 |
_asin mediación _bn _2rdamedia |
||
| 338 |
_avolumen _bnc _2rdacarrier |
||
| 040 |
_aCO-BoRNBP _bspa _erda _cCO-BoRNBP |
||
| 084 | _aC CUE1 | ||
| 999 |
_c2977 _d2977 |
||